banner-ar

الانظمة الاذاعية فى الدول العربية / (Record no. 32980)

MARC details
000 -الفاتح
حقل البيانات ثابتة الطول 00758nam a2200241Ia 4500
008 - عناصر البيانات ثابتة الطول - معلومات عامة
حقل البيانات ثابتة الطول 140319s9999 xx 000 0 ara d
020 ## - الرقم الدولى المعيارى للكتب
الرقم الدولى المعيارى للكتاب 8030011977
040 ## - مصدر الفهرسة
وكالة الفهرسة الأصلية GCL /
وكالة النسخ GCL
082 04 - رقم تصنيف ديوى العشرى
رقم التصنيف 001.554
رقم المادة م ا
100 1# - المدخل الرئيسى - إسم شخصى
الإسم الشخصى ماجى الحلوانى
245 10 - بيان العنوان
العنوان الانظمة الاذاعية فى الدول العربية /
بيان المسئوليه,etc ماجى الحلوانى
700 1# - المدخل الاضافى - اسم شخصى
الإسم الشخصى عاطف العبد
260 ## - PUBLICATION, DISTRIBUTION, ETC. (IMPRINT)
تاريخ النشر أو التوزيع 1987
300 ## - الوصف المادى
التعداد 639 ص:
تفاصيل ماديه اخرى للوعاء ايض ؛
أبعاد الوعاء 24 سم
490 ## - بيان السلسلة
عنوان السلسلة
650 04 - المدخل الاضافى بالموضوع-مصطلح موضوعى
مصطلح موضوعي الراديو
650 04 - المدخل الاضافى بالموضوع-مصطلح موضوعى
مصطلح موضوعي التليفزيون
650 04 - المدخل الاضافى بالموضوع-مصطلح موضوعى
مصطلح موضوعي الاذاعة
650 04 - المدخل الاضافى بالموضوع-مصطلح موضوعى
مصطلح موضوعي الارسال والاستقبال
650 04 - المدخل الاضافى بالموضوع-مصطلح موضوعى
مصطلح موضوعي الدعاية الاذاعية
942 ## - عناصر المدخل الإضافي( كوها)
مصدر التصنيف او مخطط الترفيف Dewey Decimal Classification
Koha [default] item type كتاب
260 ## - PUBLICATION, DISTRIBUTION, ETC. (IMPRINT)
-- القاهرة :
-- دار الفكر العربى ،
Holdings
حالة التراجع حالة الفقد حالة تلف ليس للاعارة المكان المؤقت الموقع الحالى تاريخ الاكتساب اجمالي اﻻعارات رقم الطلب الباركود تاريخ اخر مشاهدة تاريخ تفعيل السعر نوع وعاء كوها
        مكتبة القاهرة الكبرى مكتبة القاهرة الكبرى 03/26/2014   001.554\م ا 78217 03/26/2014 03/26/2014 كتاب
        مكتبة القاهرة الكبرى مكتبة القاهرة الكبرى 03/26/2014   001.554\م ا 78218 03/26/2014 03/26/2014 كتاب
        مكتبة القاهرة الكبرى مكتبة القاهرة الكبرى 03/26/2014   001.554\م ا 78219 03/26/2014 03/26/2014 كتاب
        مكتبة القاهرة الكبرى مكتبة القاهرة الكبرى 03/26/2014   001.554\م ا 78220 03/26/2014 03/26/2014 كتاب
        مكتبة القاهرة الكبرى مكتبة القاهرة الكبرى 03/26/2014   001.554\م ا 78221 03/26/2014 03/26/2014 كتاب
        مكتبة القاهرة الكبرى مكتبة القاهرة الكبرى 03/26/2014   001.554\م ا 78222 03/26/2014 03/26/2014 كتاب

Powered By

EGPV